Detalles MARC
| 000 -CABECERA |
| campo de control de longitud fija |
02357nam a2200301 a 4500 |
| 003 - IDENTIFICADOR DEL NÚMERO DE CONTROL |
| campo de control |
DO-SdBNP |
| 005 - FECHA Y HORA DE LA ÚLTIMA TRANSACCIÓN |
| campo de control |
20250211100819.0 |
| 007 - CAMPO FIJO DE DESCRIPCIÓN FÍSICA--INFORMACIÓN GENERAL |
| campo de control de longitud fija |
ta |
| 008 - DATOS DE LONGITUD FIJA--INFORMACIÓN GENERAL |
| campo de control de longitud fija |
220718e2012 dr |||gr|||| 001 fdspa d |
| 020 ## - NÚMERO INTERNACIONAL ESTÁNDAR DEL LIBRO |
| Número Internacional Estándar del Libro |
9789945492026 |
| 040 ## - FUENTE DE LA CATALOGACIÓN |
| Centro catalogador/agencia de origen |
DO-SdBNP |
| Lengua de catalogación |
spa |
| Centro/agencia transcriptor |
BNPHU |
| Normas de descripción |
rda |
| 041 ## - CÓDIGO DE LENGUA |
| Código de lengua original |
spa |
| 082 #4 - NÚMERO DE LA CLASIFICACIÓN DECIMAL DEWEY |
| Número de clasificación |
RD863.4 |
| Número de documento/Ítem |
S677a |
| Número de edición |
22 |
| 100 1# - ENTRADA PRINCIPAL--NOMBRE DE PERSONA |
| 9 (RLIN) |
30269 |
| Nombre de persona |
Vega Batlle, Julio |
| Fechas asociadas al nombre |
1899-1973 |
| Término indicativo de función/relación |
autor |
| 245 10 - MENCIÓN DE TÍTULO |
| Título |
Sobremesa de Anadel : |
| Resto del título |
comentarios a la novela de Julio Vega Batlle / |
| 264 ## - PRODUCCIÓN, PUBLICACIÓN, DISTRIBUCIÓN, FABRICACIÓN Y COPYRIGHT |
| Producción, publicación, distribución, fabricación y copyright |
Santo Domingo : |
| Nombre del de productor, editor, distribuidor, fabricante |
Nacional, |
| Fecha de producción, publicación, distribución, fabricación o copyright |
2012 |
| 300 ## - DESCRIPCIÓN FÍSICA |
| Extensión |
139 páginas ; |
| Dimensiones |
23 cm |
| 336 ## - TIPO DE CONTENIDO |
| Término de tipo de contenido |
rdacontent |
| Código de tipo de contenido |
texto |
| Fuente |
txt |
| 337 ## - TIPO DE MEDIO |
| Nombre/término del tipo de medio |
rdamedia |
| Código del tipo de medio |
sin mediación |
| Fuente |
n |
| 338 ## - TIPO DE SOPORTE |
| Nombre/término del tipo de soporte |
rdacarrier |
| Código del tipo de soporte |
volumen |
| Fuente |
nc |
| 500 ## - NOTA GENERAL |
| Nota general |
Incluye datos del autor en las solapas |
| 505 ## - NOTA DE CONTENIDO CON FORMATO |
| Título |
Circula una obra póstuma de Julio Vega Batlle |
| -- |
A suerte y verdad : un rayo, y se paran las aguas / |
| Mención de responsabilidad |
Freddy Gatón Arce.-- |
| Título |
"Anadel", la novela de la gastrosofía / |
| Mención de responsabilidad |
José Luis Parra --<br/> |
| Título |
Julio Vega Batlle y Anadel / |
| Mención de responsabilidad |
Manuel Rueda --<br/> |
| Título |
Hay cualidades cinematografiables en la novela "Anadel" de Julio Vega Batlle / |
| Mención de responsabilidad |
Carlos Curiel --<br/> |
| Título |
Algunos apuntes sobre "Anadel" de Julio Vega Batlle / |
| Mención de responsabilidad |
Marianne de Tolentino --<br/> |
| Título |
Anadel : alegoría política / |
| Mención de responsabilidad |
Juan Tomás Tavares K. --<br/> |
| Título |
Cuadernos de lecturas : Anadel / |
| Mención de responsabilidad |
Carlos Esteban Deive --<br/> |
| Título |
"Anadel" / |
| Mención de responsabilidad |
Salvador Jorge Blanco --<br/> |
| Título |
"Anadel", texto múltiple / |
| Mención de responsabilidad |
Marianne de Tolentino --<br/> |
| Título |
Julio Vega Batlle incluyó dos novelas en Anadel / |
| Mención de responsabilidad |
María del C. Prosdocimi --<br/> |
| Título |
Sin miel ni hiel --<br/> |
| -- |
Comentarios culturales / |
| Mención de responsabilidad |
Manuel Mora Serrano --<br/> |
| Título |
Editoriales --<br/> |
| -- |
Santo Domingo : Anadel, homenaje a Julio Vega Batlle / |
| Mención de responsabilidad |
Pedro J. Borrell-Jueves 68.--<br/> |
| Título |
Anadel : paisaje que sirve de fondo a una novela / |
| Mención de responsabilidad |
María Ugarte --<br/> |
| Título |
Sobre gastrosofía : |
| Mención de responsabilidad |
carta de Julio Vega Vatlle a Franklin Mieses Burgos --<br/> |
| Título |
Un libro bello e interesante / |
| Mención de responsabilidad |
Pedro René Contín Aybar --<br/> |
| Título |
Gastronomía dominicana : historia del sabor criollo. / |
| Mención de responsabilidad |
Hugo Tolentino Dipp --<br/> |
| Título |
Proemio / |
| Mención de responsabilidad |
José Rafael Lantingua --<br/> |
| Título |
Palabras de Wenceslao Vega agradeciendo la presentación de la nueva edición de la novela "Anadel" de Julio Vega Batlle. |
| 590 ## - NOTA LOCAL (RLIN) |
| Nota local |
Inventariado 2022 / MF |
| 600 #4 - PUNTO DE ACCESO ADICIONAL DE MATERIA--NOMBRE DE PERSONA |
| 9 (RLIN) |
30269 |
| Nombre de persona |
Vega Batlle, Julio, |
| Subdivisión general |
Crítica e Interpretación |
| Fechas asociadas al nombre |
1899-1973 |
| 650 #0 - PUNTO DE ACCESO ADICIONAL DE MATERIA--TÉRMINO DE MATERIA |
| Término de materia o nombre geográfico como elemento de entrada |
Literatura dominicana. |
| 9 (RLIN) |
67 |
| 910 ## - DATOS DE OPCIÓN DEL USUARIO (OCLC) |
| Datos de opción del usuario |
MFeliz/Validado. Control de calidad MFF |
| 942 ## - ELEMENTOS DE PUNTO DE ACCESO ADICIONAL (KOHA) |
| Fuente del sistema de clasificación o colocación |
Dewey Decimal Classification |
| Tipo de ítem Koha |
Libro |